000 00483nam a2200145Ia 4500
008 210716s1983 xx 000 0 und d
020 _a0137253745
041 _aeng
082 _a658.314 RIGJ
100 _aRiggs, James L;Felix, Glenn H.
245 _aProductivity by objectives: results-oriented solutions to the productivity puzzle.
_bResults-oriented solutions to the productivity puzzle.
250 _a1
260 _aNew Jersey
_bPrentice hall Inc
_c1983
300 _aviii,260
999 _c200686
_d200686